Piłka nożna - nagła śmierć - reprezentacje - Statystyki

Ogólne statystyki
  • Ten quiz został rozwiązany 1 659 razy
  • Średni wynik to 11 z 22
Answers on the Grid
Answers color-coded by a green-red scale on the quiz's grid according to % correct below.
Dania
Francja
Portugalia
Niemcy
Chorwacja
Polska
Irlandia
Włochy
Hiszpania
ZSRR
Czechosłowacja
Jugosławia
Anglia
Szwecja
Islandia
Norwegia
Finlandia
Litwa
Holandia
Grecja
Argentyna
Urugwaj
Paragwaj
Peru
Boliwia
Surinam
Chile
Gujana
Brazylia
Kolumbia
Ekwador
Wenezeula
 
Statystyki odpowiedzi
Odpowiedź % Poprawnych
Francja
92%
Portugalia
89%
Niemcy
86%
Włochy
72%
Dania
65%
Hiszpania
65%
Anglia
63%
Argentyna
63%
Brazylia
63%
Urugwaj
57%
ZSRR
56%
Holandia
52%
Grecja
51%
Chile
46%
Kolumbia
46%
Czechosłowacja
42%
Jugosławia
39%
Polska
27%
Szwecja
19%
Peru
18%
Paragwaj
15%
Boliwia
8%
Nie znaleziono quizów pasujących do podanych kryteriów
Rozkład punktacji
Procent ludzi z każdym wynikiem
Percentyl według liczby udzielonych odpowiedzi
Twoja historia wyników
Nie rozwiązałeś tego quizu